000 00471nam a22001937a 4500
003 MPLRDC
005 20220104174015.0
008 210129b ||||| |||| 00| 0 eng d
020 _a0-333-35457-5
082 _a312.932 HUTT*
100 _aR. HUTTY
245 _aMASTERING COBOL PROGRAMMING
_c
250 _a初版
260 _a
_bMACMILLAN EDUCATION LTD
_c1983
300 _b
490 _aMACMILLAN MASTER SERIES
650 _a
942 _cBK
_o312.932 HUTT*
999 _c59674
_d59664